[Event "GER-chT U10"]
[Site "Magdeburg"]
[Date "2019.12.29"]
[Round "7.1"]
[White "Wendrich, Finn"]
[Black "Zobel, Christian Erik"]
[Result "0-1"]
[WhiteElo "1173"]
[BlackElo "1450"]
[PlyCount "70"]
[EventDate "2019.12.27"]
[EventType "team-swiss"]
[EventRounds "7"]
[EventCountry "GER"]
[SourceTitle "CBM 194 Extra"]
[Source "ChessBase"]
[SourceDate "2020.03.31"]
[SourceVersion "1"]
[SourceVersionDate "2020.03.31"]
[SourceQuality "1"]
[WhiteTeam "Moenchengladbach"]
[BlackTeam "Lichtenberg Borussia"]
[WhiteTeamCountry "GER"]
[BlackTeamCountry "GER"]

1. e4 e5 2. Nf3 Nf6 3. Nc3 Nc6 4. d4 exd4 5. Nxd4 Bb4 6. Nxc6 bxc6 7. Bd3 d5 8. exd5 cxd5 9. 0-0 0-0 10. h3 Re8 11. Qf3 h6 12. Bd2 Be6 13. Rad1 c6 14. Ne2 Bxd2 15. Rxd2 Qa5 16. Nc3 d4 17. Qxc6 dxc3 18. bxc3 Rac8 19. Qf3 Qxc3 20. Rfd1 Qa5 21. Qe2 Bg4 22. Qf1 Bxd1 23. Qxd1 Rcd8 24. Qc1 Ne4 25. Re2 Nc3 26. Rxe8+ Rxe8 27. Kh1 Nxa2 28. Qa1 Re1+ 29. Qxe1 Qxe1+ 30. Kh2 Qxf2 31. Be4 Nc3 32. Bf3 Qxc2 33. Kg3 a5 34. Kg4 Qg6+ 35. Kf4 Qg5# 0-1